| 000 | 01409nam0a22003251 4500 | ||
|---|---|---|---|
| 001 | RU\NLR\INFOCOMM_41\5000244369 | ||
| 005 | 20250613090126.0 | ||
| 035 | _a(NLR Aleph) 009053511 | ||
| 090 |
_a7818596 _c7818596 |
||
| 100 | _a20080919d1983 |||y0rusy50 ca | ||
| 101 | 0 |
_ager _crus |
|
| 102 |
_aRU _aDE |
||
| 105 | _aa z 000zy | ||
| 200 | 1 |
_aFlügel für Ikarus _eüber die mod. Technik des Erfindens _fG. Altschuller, A. Seljuzki _g[aus dem Russ. von Leo Korniljew] |
|
| 210 |
_aΜ. _aLeipzig _cMir _cUrania-Verl. _d1983 |
||
| 215 |
_a292 с. _cил. _d20 см |
||
| 300 | _aВ вып. дан.: Крылья для Икара: как решать изобретательские задачи / Генрих Саулович Альтшулер, Александр Борисович Селюцкий | ||
| 517 | 1 | _aКрылья для Икара: как решать изобретательские задачи | |
| 606 |
_aИзобретательство и рационализация _xЗадачи _2nlr_sh1 |
||
| 686 |
_aЖу(2)4 _2rubbk |
||
| 700 | 1 |
_6z02790 _aAl'tšuller _bG. S. _gGenrich Saulovič _4070 |
|
| 701 | 1 |
_6z03790 _aSeljuckij _bA. B. _gAleksandr Borisovič _4070 |
|
| 790 | 1 |
_6z02700 _aAltschuller _bG. _4070 |
|
| 790 | 1 |
_6z03701 _aSeljuzki _bA. _4070 |
|
| 801 | 1 |
_aRU _bNLR _c20080919 |
|
| 801 | 0 |
_aRU _bNLR _gPSBO |
|
| 852 |
_aNLR _jТ11 Д-3/186 |
||
| 942 | _cBOOK | ||
| 980 | _aNB | ||